<?xml version="1.0" encoding="UTF-8"?>
<record
    xmlns:xsi="http://www.w3.org/2001/XMLSchema-instance"
    xsi:schemaLocation="http://www.loc.gov/MARC21/slim http://www.loc.gov/standards/marcxml/schema/MARC21slim.xsd"
    xmlns="http://www.loc.gov/MARC21/slim">

  <leader>01047nam a22002057a 4500</leader>
  <datafield tag="999" ind1=" " ind2=" ">
    <subfield code="c">69198</subfield>
    <subfield code="d">69198</subfield>
  </datafield>
  <controlfield tag="005">20240604092822.0</controlfield>
  <controlfield tag="008">      s2556    th ||||| |||| 00| 0 tha d</controlfield>
  <datafield tag="040" ind1=" " ind2=" ">
    <subfield code="a">NALT</subfield>
  </datafield>
  <datafield tag="050" ind1=" " ind2=" ">
    <subfield code="a">AC 159 </subfield>
    <subfield code="b">&#xE2D;282&#xE01; 2556</subfield>
  </datafield>
  <datafield tag="100" ind1="0" ind2=" ">
    <subfield code="a">&#xE2D;&#xE21;&#xE23;&#xE1E;&#xE31;&#xE19;&#xE18;&#xE4C; &#xE2B;&#xE21;&#xE38;&#xE14;&#xE17;&#xE2D;&#xE07;</subfield>
    <subfield code="9">44490</subfield>
  </datafield>
  <datafield tag="245" ind1="1" ind2="0">
    <subfield code="a">&#xE01;&#xE34;&#xE19; &#xE2D;&#xE22;&#xE39;&#xE48; &#xE23;&#xE39;&#xE49; &#xE04;&#xE34;&#xE14; &#xE40;&#xE1B;&#xE47;&#xE19;&#xE21;&#xE34;&#xE15;&#xE23;&#xE01;&#xE31;&#xE1A;&#xE2A;&#xE34;&#xE48;&#xE07;&#xE41;&#xE27;&#xE14;&#xE25;&#xE49;&#xE2D;&#xE21; /</subfield>
    <subfield code="c">&#xE2D;&#xE21;&#xE23;&#xE1E;&#xE31;&#xE19;&#xE18;&#xE4C; &#xE2B;&#xE21;&#xE38;&#xE14;&#xE17;&#xE2D;&#xE07;.</subfield>
  </datafield>
  <datafield tag="260" ind1=" " ind2=" ">
    <subfield code="a">&#xE01;&#xE23;&#xE38;&#xE07;&#xE40;&#xE17;&#xE1E;&#xE2F; : </subfield>
    <subfield code="b">&#xE01;&#xE23;&#xE21;&#xE2A;&#xE48;&#xE07;&#xE40;&#xE2A;&#xE23;&#xE34;&#xE21;&#xE04;&#xE38;&#xE13;&#xE20;&#xE32;&#xE1E;&#xE2A;&#xE34;&#xE48;&#xE07;&#xE41;&#xE27;&#xE14;&#xE25;&#xE49;&#xE2D;&#xE21;, </subfield>
    <subfield code="c">2556.</subfield>
  </datafield>
  <datafield tag="300" ind1=" " ind2=" ">
    <subfield code="a">230 &#xE2B;&#xE19;&#xE49;&#xE32; :</subfield>
    <subfield code="b">&#xE20;&#xE32;&#xE1E;&#xE1B;&#xE23;&#xE30;&#xE01;&#xE2D;&#xE1A; ;</subfield>
    <subfield code="c">18 &#xE0B;&#xE21;.</subfield>
  </datafield>
  <datafield tag="650" ind1=" " ind2="4">
    <subfield code="a">&#xE23;&#xE27;&#xE21;&#xE40;&#xE23;&#xE37;&#xE48;&#xE2D;&#xE07;</subfield>
    <subfield code="9">545</subfield>
  </datafield>
  <datafield tag="650" ind1=" " ind2="4">
    <subfield code="a">&#xE1A;&#xE23;&#xE34;&#xE42;&#xE20;&#xE04;&#xE01;&#xE23;&#xE23;&#xE21; (&#xE40;&#xE28;&#xE23;&#xE29;&#xE10;&#xE28;&#xE32;&#xE2A;&#xE15;&#xE23;&#xE4C;) </subfield>
    <subfield code="9">22260</subfield>
    <subfield code="x">&#xE41;&#xE07;&#xE48;&#xE2A;&#xE34;&#xE48;&#xE07;&#xE41;&#xE27;&#xE14;&#xE25;&#xE49;&#xE2D;&#xE21;</subfield>
  </datafield>
  <datafield tag="650" ind1=" " ind2="4">
    <subfield code="a">&#xE04;&#xE27;&#xE32;&#xE21;&#xE23;&#xE39;&#xE49;&#xE17;&#xE31;&#xE48;&#xE27;&#xE44;&#xE1B;</subfield>
    <subfield code="9">7244</subfield>
  </datafield>
  <datafield tag="850" ind1=" " ind2=" ">
    <subfield code="a">NALT</subfield>
  </datafield>
  <datafield tag="942" ind1=" " ind2=" ">
    <subfield code="c">GB</subfield>
    <subfield code="2">lcc</subfield>
    <subfield code="0">1</subfield>
  </datafield>
  <datafield tag="998" ind1=" " ind2=" ">
    <subfield code="j">111</subfield>
    <subfield code="k"> &#xE19;&#xE32;&#xE07;&#xE2A;&#xE32;&#xE27;&#xE1E;&#xE08;&#xE1E;&#xE34;&#xE13;  &#xE1E;&#xE23;&#xE21;&#xE40;&#xE2D;&#xE35;&#xE48;&#xE22;&#xE21;</subfield>
  </datafield>
  <datafield tag="952" ind1=" " ind2=" ">
    <subfield code="0">0</subfield>
    <subfield code="1">0</subfield>
    <subfield code="2">lcc</subfield>
    <subfield code="4">0</subfield>
    <subfield code="7">0</subfield>
    <subfield code="8">CGBL</subfield>
    <subfield code="a">NALT</subfield>
    <subfield code="b">NALT</subfield>
    <subfield code="e">&#xE1A;&#xE23;&#xE34;&#xE08;&#xE32;&#xE04;</subfield>
    <subfield code="l">1</subfield>
    <subfield code="o">AC 159 &#xE2D;282&#xE01; 2556</subfield>
    <subfield code="p">3961192932</subfield>
    <subfield code="r">2024-06-10 00:00:00</subfield>
    <subfield code="s">2024-06-04</subfield>
    <subfield code="w">2017-06-09</subfield>
    <subfield code="y">GB</subfield>
  </datafield>
</record>
